000 00756nam a2200253 i 4500
001 000020943
003 DO-SdBNP
005 20230818131233.0
007 ta
008 100824s1998 dr 001 0 spa d
040 _aDO-SdBNP
_bspa
_cBNPHU
_erda
082 _axxxx
_bL579e
_222
100 1 _aLeón, Luis de
_943314
245 1 0 _aEducación y democracia de cara al siglo XXI /
_cLuis de León.
260 _aSanto Domingo :
_bMilenio,
_c1998.
300 _a186 paginas. ;
_c20 cm.
336 _2rdacontent
_atexto
_btxt
337 _2rdamedia
_asin mediación
_bn
338 _2rdacarrier
_avolumen
_bnc
500 _aIncluye datos biográficos del autor en al contracubierta
590 _aInventariado, 2023 / DG
910 _aDG
942 _2ddc
_cLBS1
999 _c54480
_d54480